101 упражнение для юных футболистов: Возраст 7-11 лет; пер. с англ.

Bibliographic Details
Main Author: Кук М. Малькольм
Language:Russian
Published: Москва, АСТ, 2001
Subjects:
Format: Book
KOHA link:https://koha.lib.tpu.ru/cgi-bin/koha/opac-detail.pl?biblionumber=45952

MARC

LEADER 00000nam0a2200000 4500
001 45952
005 20231031024217.0
010 |a 5170097441 
010 |a 5-271-02518-7 
035 |a (RuTPU)RU\TPU\book\47862 
090 |a 45952 
100 |a 20021219d2001 с y0rusy50020304ca 
101 1 |a rus 
102 |a RU 
105 |a a j 000zy 
200 1 |a 101 упражнение для юных футболистов  |e  Возраст 7-11 лет  |e пер. с англ.  |f М. Кук 
210 |a Москва  |c АСТ  |d 2001  |c Астрель 
215 |a 128 с.  |c ил 
610 1 |a спорт 
610 1 |a спортивные игры 
610 1 |a спортивная тренировка 
610 1 |a упражнения 
610 1 |a футбол 
675 |a 796.332.015  |v 3 
700 1 |a Кук  |b М.  |g Малькольм 
801 1 |a RU  |b 63413507  |c 20021219  |g PSBO 
801 2 |a RU  |b 63413507  |c 20030123  |g PSBO 
942 |c BK